Dolphin Love : a new age of relaxation /

Salvato in:
Dettagli Bibliografici
Autore principale: Michell, Chris (Autore)
Natura: Multimedia Libro
Lingua:inglese
Pubblicazione: Aerdenhout : Oreade music, 1992
Tags: Aggiungi Tag
Nessun Tag, puoi essere il primo ad aggiungerne!!

MARC

LEADER 00000npm a22000003a 4500
001 stu10352
005 20150617225803.1
008 971212s1992----ne------------------eng-d
040 |a STU  |b slo 
041 0 |a eng 
044 |a ne 
100 1 |a Michell, Chris  |4 aut 
245 1 |a Dolphin Love :  |b a new age of relaxation /  |c [aut.] Michell,Chris 
260 |a Aerdenhout :  |b Oreade music,  |c 1992 
300 |a CD-ROM 
996 |b E81778  |c E*81778  |l EELSDV  |s P  |a 0  |w stu10352_0001